000 00696nam a2200253 i 4500
001 C2-0325944
003 PPAK
005 20180728123915.0
008 140310s2013 my |||| ||||| | may d
020 _a9789674081331
040 _aPPAK
_beng
_cPPAK
_erda
082 0 4 _a899.233
_223
090 0 0 _a899.233
_bABD
_dG
100 0 _aAbdul Latip Talib,
_eauthor
245 1 0 _aImam Hanbali
264 1 _aBatu Caves, Selangor :
_bPTS Litera Utama ,
_c2013
300 _a227 pages ;
_c18 cm
336 _2rdacontent
_atext
337 _2rdamedia
_aunmediated
338 _2rdacarrier
_avolume
650 1 0 _aMalay fiction.
700 0 _aBahruddin Bekri ; Mazli Murat,
_eeditor
942 _ddc
_cB
999 _c125640
_d125640